| 000 | 00470nam a2200169Ia 4500 | ||
|---|---|---|---|
| 008 | 230917s9999||||xx |||||||||||||| ||und|| | ||
| 020 | _cRS960 | ||
| 040 |
_e228126 _aMAIN |
||
| 041 | _aEnglish | ||
| 082 | _a954.01 D954L | ||
| 100 | _aDutt, Romesh C | ||
| 245 | 0 | _aLater hindu civilisation: A D 500 to A D 1200 | |
| 260 |
_aNew Delhi _bAbhijeet Publications _c2013 |
||
| 300 | _axi, 207 p. | ||
| 500 | _a2105 04/05/2015 KB15/111 09/09/2015 Main Budget | ||
| 942 | _cBK | ||
| 999 |
_c15935 _d15935 |
||